| 000 -LEADER |
| fixed length control field |
00647cmm a22001695a 4500 |
| 020 ## - INTERNATIONAL STANDARD BOOK NUMBER |
| ISBN |
756123650980 |
| 040 ## - CATALOGING SOURCE |
| Transcribing agency |
DLC |
| 082 ## - DEWEY DECIMAL CLASSIFICATION NUMBER |
| Classification number |
754 WOR 1994 C279 Or. |
| 245 04 - TITLE STATEMENT |
| Title |
The Cobb Group's WordPerfect collection CD. |
| 260 ## - PUBLICATION, DISTRIBUTION, ETC. (IMPRINT) |
| Place of publication |
[Louisville, Ky.] : |
| Name of publisher |
Cobb Group, |
| Year of publication |
c1994. |
| 300 ## - PHYSICAL DESCRIPTION |
| Number of Pages |
1 CD-ROM ; |
| Dimensions |
4 3/4 in. |
| 500 ## - GENERAL NOTE |
| General note |
Title from disc label. |
| 500 ## - GENERAL NOTE |
| General note |
Production level cataloging. |
| 520 ## - SUMMARY, ETC. |
| Summary, etc |
Articles about WordPerfect derived from journals entitled Inside WordPerfect, The WordPerfectionist, and Inside WordPerfect for Windows. Includes shareware, freeware, and public domain utilities. |
| 650 #0 - SUBJECT ADDED ENTRY--TOPICAL TERM |
| Topical Term |
Word processing |
| 942 ## - ADDED ENTRY ELEMENTS (KOHA) |
| Koha item type |
ADB |
| 952 ## - LOCATION AND ITEM INFORMATION (KOHA) |
| Withdrawn status [LOCAL, KOHA] |
0 |